La Formación de educadores y educadoras en una perspectiva universitaria /
Zapisane w:
| 1. autor: | |
|---|---|
| Format: | Texto |
| Hasła przedmiotowe: | |
| Etykiety: |
Dodaj etykietę
Nie ma etykietki, Dołącz pierwszą etykiete!
|
MARC
| LEADER | 00000 a a2200000 04500 | ||
|---|---|---|---|
| 001 | 64 | ||
| 003 | |||
| 040 | |||
| 100 | |a Vargas Rodríguez, Eddie Albert | ||
| 245 | |a La Formación de educadores y educadoras en una perspectiva universitaria / |c Eddie Albert Vargas Rodríguez | ||
| 650 | |a DOCENTES | ||
| 650 | |a UNIVERSIDADES | ||
| 650 | |a EDUCACION | ||
| 650 | |a CAMBIO CULTURAL | ||
| 650 | |a CAMBIO SOCIAL | ||
| 650 | |a INSTITUCIONES PUBLICAS | ||
| 650 | |a LIBERALIZACION DEL INTERCAMBIO | ||
| 650 | |a MODERNIZACION | ||
| 773 | |g número 23 -24; páginas 31-38 | ||
| 999 | |c 30273 |d 30273 | ||
| 773 | 0 | |0 18806 |9 2151 |a Universidad Nacional de Costa Rica |d Heredia: C.R.: EUNA |o 02508 |t ABRA |x 14093928 | |
